000 01706cam a2200277 4500500
005 20260322003003.0
041 _afre
042 _adc
100 1 0 _aEstrabaut, Myriam
_eauthor
245 0 0 _aCTHOMECARE : plate-forme d’essais décentralisés
260 _c2026.
500 _a49
520 _aCTHOMECARE est la plate-forme de coordination nationale d’essais décentralisés développée par l’Oncopole Claudius Regaud, centre de lutte contre le cancer Occitanie Ouest. Cette plate-forme académique permet l’organisation et la réalisation de visites protocolaires d’essais cliniques au domicile du patient de façon sécurisée et selon les attendus réglementaires. L’objectif est d’offrir aux promoteurs d’essais cliniques industriels et académiques une plate-forme unique pour la gestion et la coordination des essais décentralisés en oncologie en France.
520 _aThe article describes the organisation and operation of “CTHomecare”, an academic coordination platform. The purpose of this platform is to organise visits related to a clinical trial at patients’ homes in a secure manner and in accordance with protocol requirements.
690 _aacadémique
690 _aessai clinique
690 _aessais décentralisés
690 _aplate-forme de coordination
690 _aacademic
690 _aclinical trial
690 _acoordination
690 _adecentralisation
690 _aplatform
786 0 _nInnovations & Thérapeutiques en Oncologie | Volume 12 | 1 | 2026-02-24 | p. 49-50 | 2431-3203
856 4 1 _uhttps://stm.cairn.info/revue-innovations-therapeutiques-en-oncologie-2026-1-page-49?lang=fr&redirect-ssocas=7080
999 _c1728302
_d1728302